01115nam a2200265Ia 4500001001200000003000800012006001900020007001500039008004100054040002100095035002100116050002400137245007500161260005500236300001500291490004600306533015200352650005100504650002800555655002900583710001700612711007700629856012600706999001700832ebr10071384CaPaEBRm u cr cn|||||||||750824s1947 dcu s 000 0 eng d aCaPaEBRcCaPaEBR a(OCoLC)72682314714aTK3401b.D54 1947eb00aDigest of literature on dielectrics.nVolume Xh[electronic resource]. aWashington, D.C. :bNational Academy Press,c1947. aiv, 120 p.0 aDigest of literature on dielectrics ;v10 aElectronic reproduction.bPalo Alto, Calif. :cebrary,d2009.nAvailable via World Wide Web.nAccess may be limited to ebrary affiliated libraries. 0aElectric insulators and insulationvAbstracts. 0aDielectricsvAbstracts. 7aElectronic books.2local2 aebrary, Inc.2 aConference on Electrical Insulation.eCommittee on Digest of Literature.40uhttp://site.ebrary.com/lib/rucke/Doc?id=10071384zAn electronic book accessible through the World Wide Web; click to view c33251d33251